Music Quiz

Random Music or Lyrics Quiz

Songs By Opening Lyrics Quiz Stats

Quiz not verified by Sporcle

Challenge
Share
Tweet
Embed
Score 0/12 Timer 15:00
0 Plays Today
Lyrics Song % Correct
'wake up in the morning feelin like P-Diddy'TiK ToK
86.3%
'just a small town girl livin in a lonely world'Don't Stop Believing
84.2%
'I want your ugly, I want your disease'Bad Romance
78.9%
'it's close to midnight and something evil's lurkin in the dark'Thriller
68.4%
'I use to rule the world'Viva la Vida
62.1%
'you think I'm pretty without any makeup on'Teenage Dream
60%
'do you ever feel like a plastic bag'Firework
60%
'never made it as a wise man, couldn't cut it as a poor man stealin'How You Remind Me
58.9%
'I've had a little bit too much'Just Dance
47.4%
'easy come, easy go. that's just how you live'Grenade
46.3%
'now imagine, as I'm pacing the pews of a church corridor'I Write Sins Not Tragedies
22.1%
'no more gas in the rig'Disturbia
7.4%

You're not logged in!

Compare scores with friends on all Sporcle quizzes.
Join for Free
OR
Log In

You Might Also Like...

Show Comments

Extras

Created Feb 10, 2011ReportNominate
Tags:Lyrics Quiz

Top Quizzes Today


Score Distribution

Your Account Isn't Verified!

In order to create a playlist on Sporcle, you need to verify the email address you used during registration. Go to your Sporcle Settings to finish the process.

Report this User

Report this user for behavior that violates our Community Guidelines.

Details: